Marito y el Temible Puf vuelven a ganar otra vez /
Guardado en:
| Autor Principal: | |
|---|---|
| Otros Autores: | |
| Formato: | Libro |
| Idioma: | Undetermined |
| Publicado: |
Buenos Aires :
Libros del Quirquincho,
1991.
|
| Edición: | 1a ed. |
| Series: | La ratona cuentacuentos
|
| Materias: | |
| Etiquetas: |
Agregar Etiqueta
Sin Etiquetas, Sea el primero en etiquetar este registro!
|
| LEADER | 00687nam a22002055a 4500 | ||
|---|---|---|---|
| 001 | CEM.cems024328 | ||
| 008 | 241001s1991####ag############000#0#und#d | ||
| 005 | 20241001145524.0 | ||
| 245 | 1 | 0 | |a Marito y el Temible Puf vuelven a ganar otra vez / |c Luis María Pescetti ; dibujos de Nora Hilb. |
| 250 | |a 1a ed. | ||
| 260 | |a Buenos Aires : |b Libros del Quirquincho, |c 1991. | ||
| 300 | |a 38 p. | ||
| 490 | 1 | |a La ratona cuentacuentos | |
| 020 | |a 9507370220 | ||
| 100 | 1 | |a Pescetti, Luis María. | |
| 700 | 1 | |a Hilb, Nora; il. | |
| 653 | |a Literatura argentina | ||
| 653 | |a Historieta argentina | ||
| 653 | |a Literatura infantil | ||
| 859 | |a CEMS |b BIB. CEMS - Inicial y Primaria |h A867.4 |i P436 |k IP |p 1236 |t Ej.1 | ||
